Об ассигновании курсам Марксизма средств, необходимых для приспособления учебного помещения курсов по Подсосенскому пер. д. № 21

Доступно только в Электронных читальных залах Найти на картеНа карте
RUSMARC
00004450nac2a22002893x 450
0013607827e-2a31-4f6d-a80a-02ba8a574571
00520230718225518.0
100##$a20230613l19291929k y0rusy50 ca
1010#$arus
102##$aRU
105##$ay j |||||
1222#$ad19290104
$ad19290606
2001#$aОб ассигновании курсам Марксизма средств, необходимых для приспособления учебного помещения курсов по Подсосенскому пер. д. № 21
$j04.01.1929 - 06.06.1929
215##$a6 листов
$d37,3 х 24,4
251##$cДело
300##$aВ деле обратная нумерация
300##$aЗаголовок дела на папке: Об ассигновании курсам Марксизма средств, необходимых для приспособления учебного помещения курсов по Подсосинскому пер. д. № 21
300##$aЧасть текста машинописная и рукописная, часть - напечатана типографским способом
324##$aВ деле имеются копии отдельных документов
461#0$1001796d4672-8a00-4986-b488-6e42273792cc
$12001
$aЦЕНТРАЛЬНЫЙ ИСПОЛНИТЕЛЬНЫЙ КОМИТЕТ СССР (ЦИК СССР).
$1251
$cФонд
$1852
$gР
$j3316
462#0$10016e6e8ba4-e15f-4ad4-8937-f1e88c150bfe
$12001
$aДела Секретариата Президиума ЦИК Союза ССР. 1929 г.
$vД. 523
$1251
$cОпись
$1852
$j22
5171#$aОб ассигновании курсам Марксизма средств, необходимых для приспособления учебного помещения курсов по Подсосинскому пер. д. № 21
60101$3RU\NLR\AUTH\880357276
$aСССР
$bЦИК
60102$3RU\NLR\AUTH\880566607
$aКурсы марксизма
$cМосква
801#0$aRU
$bGA_RF
801#1$aRU
$bГлавНИВЦ
$c20230613
$2rusmarc
801#2$aRU
$bПБ им. Б.Н. Ельцина
$c20230718
$gRCR
$2rusmarc
852##$aГА РФ
$j523
937##$d186622254
$hГАРФ
035##$aRuPRLIB51072529
856##$uhttp://readingroom.main.prlib.ru/item.aspx?id_node=n186622254&mode=full
Формат отображения